| Tag |
First Indicator |
Second Indicator |
Subfields |
| LEADER |
00000cjm a2200000 a 4500 |
| 001 |
in00001406766 |
| 005 |
20151020072920.0 |
| 007 |
sd fungnn|||ee |
| 008 |
920323p19911957xx btn dehi ita d |
| 028 |
0 |
2 |
|a SM3K 46292
|b Sony Classical
|
| 033 |
2 |
0 |
|a 1957----
|a 1965----
|
| 035 |
|
|
|a (OCoLC)25511977
|
| 035 |
|
|
|9 AHQ3722AM
|
| 040 |
|
|
|a MUU
|c MUU
|d ENG
|d OCL
|d CPL
|d TXA
|d UtOrBLW
|
| 041 |
0 |
|
|d ita
|e eng
|e fre
|e ger
|e ita
|h ita
|g eng
|g fre
|g ger
|
| 049 |
|
|
|a TXAM
|
| 090 |
|
|
|a M1520.S932
|b B3 1991
|
| 100 |
1 |
|
|a Stravinsky, Igor,
|d 1882-1971.
|
| 240 |
1 |
0 |
|a Ballets.
|k Selections
|
| 245 |
1 |
0 |
|a Ballets.
|n Vol. II /
|c Igor Stravinsky.
|
| 264 |
|
1 |
|a [Place of publication not identified] :
|b Sony Classical,
|c [1991]
|
| 264 |
|
4 |
|c ℗1991
|
| 300 |
|
|
|a 3 sound discs :
|b digital ;
|c 4 3/4 in.
|
| 306 |
|
|
|a 002900
|a 002400
|a 002300
|a 001700
|a 000600
|a 004600
|a 003900
|a 003100
|
| 336 |
|
|
|a performed music
|b prm
|2 rdacontent
|
| 337 |
|
|
|a audio
|b s
|2 rdamedia
|
| 338 |
|
|
|a audio disc
|b sd
|2 rdacarrier
|
| 490 |
1 |
|
|a Igor Stravinsky edition ;
|v v. 2
|
| 500 |
|
|
|a Compact discs.
|
| 500 |
|
|
|a The 5th work an arrangement for chamber orchestra of the Pas de quatre from Tchaikovsky's Sleeping beauty; the 7th work arr. from music by Pergolesi.
|
| 546 |
|
|
|a The 7th work sung in Italian.
|
| 511 |
0 |
|
|a Irene Jordan, soprano, George Shirley, tenor, Donald Gramm, bass (7th work) ; Columbia Symphony Orchestra (1st, 5th-7th works) ; Los Angeles Festival Symphony Orchestra (2nd work) ; Cleveland Orchestra (3rd work) ; CBC Symphony Orchestra (4th work) ; Chicago Symphony Orchestra (8th work) ; the composer conducting.
|
| 518 |
|
|
|a Recorded 1957-1965.
|
| 500 |
|
|
|a "Consists of previously released material"--Container.
|
| 500 |
|
|
|a Program notes by the composer in English, French and German, and Italian text of 7th work, with English, French, and German translations (40 pages : ill.) in container.
|
| 505 |
0 |
|
|a Apollo = Apollon musagète (29:00) -- Agon (24:00) -- Card game (23:00) -- Scènes de ballet (17:00) -- Bluebird : pas de deux (6:00) -- The fairy's kiss (46:00) -- Pulcinella (39:00) -- Orpheus (31:00).
|
| 500 |
|
|
|a Sound recording.
|
| 650 |
|
0 |
|a Ballets.
|
| 650 |
|
0 |
|a Ballets
|v Excerpts, Arranged.
|
| 650 |
|
0 |
|a Chamber orchestra music, Arranged.
|
| 700 |
1 |
|
|a Pergolesi, Giovanni Battista,
|d 1710-1736.
|
| 700 |
1 |
|
|a Jordan, Irene,
|d 1919-
|e vocalist.
|
| 700 |
1 |
|
|a Shirley, George,
|e vocalist.
|
| 700 |
1 |
|
|a Gramm, Donald,
|e vocalist.
|
| 700 |
1 |
|
|a Stravinsky, Igor,
|d 1882-1971,
|e conductor.
|
| 700 |
1 |
2 |
|a Stravinsky, Igor,
|d 1882-1971.
|t Apollon musagète.
|
| 700 |
1 |
2 |
|a Stravinsky, Igor,
|d 1882-1971.
|t Agon.
|
| 700 |
1 |
2 |
|a Stravinsky, Igor,
|d 1882-1971.
|t Jeu de cartes.
|
| 700 |
1 |
2 |
|a Stravinsky, Igor,
|d 1882-1971.
|t Scènes de ballet.
|
| 700 |
1 |
2 |
|a Tchaikovsky, Peter Ilich,
|d 1840-1893.
|t Spi︠a︡shchai︠a︡ krasavit︠s︡a.
|p Pas de quatre (No. 25);
|o arranged.
|
| 700 |
1 |
2 |
|a Stravinsky, Igor,
|d 1882-1971.
|t Baiser de la fée.
|
| 700 |
1 |
2 |
|a Stravinsky, Igor,
|d 1882-1971.
|t Pulcinella.
|
| 700 |
1 |
2 |
|a Stravinsky, Igor,
|d 1882-1971.
|t Orpheus.
|
| 710 |
2 |
|
|a Columbia Symphony Orchestra,
|e performer.
|
| 710 |
2 |
|
|a Los Angeles Festival Symphony Orchestra,
|e performer.
|
| 710 |
2 |
|
|a Cleveland Orchestra,
|e performer.
|
| 710 |
2 |
|
|a CBC Symphony Orchestra,
|e performer.
|
| 710 |
2 |
|
|a Chicago Symphony Orchestra,
|e performer.
|
| 800 |
1 |
|
|a Stravinsky, Igor,
|d 1882-1971.
|t Selections (Sony Classical) ;
|v v. 2.
|
| 948 |
|
|
|a c:jlg
|
| 999 |
|
|
|a MARS
|
| 999 |
f |
f |
|s 8649030c-3adc-3b96-b0df-f8e603721465
|i 4c102fc8-f21a-38fb-a6f7-8f6349bfbb2a
|t 0
|
| 952 |
f |
f |
|p ric
|a Texas A&M University
|b Rellis Campus
|c Joint Library Facility
|d Remote Storage
|t 0
|e M1520.S932 B3 1991
|h Library of Congress classification
|i audio -- audio disc
|k disc.1
|m A14823304640
|
| 998 |
f |
f |
|a M1520.S932 B3 1991
|s disc.1-disc.3
|t 0
|l Remote Storage
|